Ariel (Registro nro. 24291)

Detalles MARC
000 -ENCABEZADO
Número de control [NR] 00822nam a2200241Ia 4500
008 - DE LONGITUD FIJA DE DATOS DE ELEMENTOS - INFORMACIÓN GENERAL
Elementos de longitud fija [NR] 130821s1993 ve gr spa
020 ## - NUMERO INTERNACIONAL NORMALIZADO PARA LIBROS [R]
Número Internacional Normalizado del libro [NR] 980276275x
040 ## - FUENTE DE CATALOGACION [NR]
Agencia de catalogación original [NR] Co-BoUCM
Idioma de catalogación [NR] spa
041 00 - CODIGO DE IDIOMA [R]
Código de idioma para texto/pista de sonido o título separado [R] Español
100 ## - ASIENTO PRINCIPAL--NOMBRE PERSONAL [NR]
Nombre personal [NR] Rodo, José Enrique
Fechas asociadas con el nombre [NR] 1872-1917
ID Autoridad 145519
245 00 - MENCION DE TITULO [NR]
Título [NR] Ariel
Mención de responsabilidad, etc. [NR] José Enrique Rodó
250 ## - MENCION DE EDICION [NR]
Mención de edición [NR] 3a. ed
260 ## - PUBLICACION, DISTRIBUCION, ETC. (PIE DE IMPRENTA) [R]
Lugar de publicación, distribución, etc. [R] Caracas (Venezuela)
Nombre del editor, distribuidor, etc. [R] Fundación Biblioteca Ayacucho
Fecha de publicación, distribución, etc. [R] 1993
300 ## - DESCRIPCION FISICA [R]
Extensión [R] páginas 3-56 de 324 páginas
490 ## - MENCION DE SERIE [R]
Mención de serie [R] Biblioteca Ayacucho ; 3
500 ## - NOTA GENERAL [R]
Nota general [NR] Con : Motivos de Proteo. -- Incluye índices y cronología del autor
650 04 - ASIENTO SECUNDARIO DE MATERIA - TERMINO TEMATICO [R]
Término temático o nombre geográfico como elemento de entrada [NR] Ética
9 (RLIN) 195
650 04 - ASIENTO SECUNDARIO DE MATERIA - TERMINO TEMATICO [R]
Término temático o nombre geográfico como elemento de entrada [NR] Filosofía en la literatura
9 (RLIN) 15808
650 04 - ASIENTO SECUNDARIO DE MATERIA - TERMINO TEMATICO [R]
Término temático o nombre geográfico como elemento de entrada [NR] Literatura uruguaya
9 (RLIN) 18753
650 04 - ASIENTO SECUNDARIO DE MATERIA - TERMINO TEMATICO [R]
Término temático o nombre geográfico como elemento de entrada [NR] Novela uruguaya
9 (RLIN) 20582
942 ## - ELEMENTOS DE ENTRADA AGREGADOS (KOHA)
Tipo de ítem principal el descrito en 300a Libro
Tema principal Literatura
Edición 3
Prefijo de la signatura top. (colección) Literatura - Uruguay
Parte restante de la signatura top. R63
Sistema de clasificación DEWEY
Clasificación 863.42
Existencias
Fecha de último préstamo Total préstamos Total Renewals Signatura topográfica Código de barras Última vez visto Volúmen / Fascículo Ejemplar Price effective from Tipo de ítem Perdido Sistema de clasificación Dañado No prestable Tipo de ítem específico Suprimido Ubicación habitual Ubicación actual Localización Fecha de creación Forma de adquisición Costo
16/09/2015 10 1 U 863.42 R63 100047205 01/12/2025 3A. ED Ej.1 03/02/2013 Libro   DEWEY     Libro   Hospital Universitario Mayor Hospital Universitario Mayor 9no piso 28/02/2003 Compra 14500.00